Statistics for Countries @GrandOldMan Has Visited

Click here to take the quiz!

General Stats

  • This quiz has been taken 8 times
  • The average score is 60 of 172

Answer Stats

Region(s) of the country that they have been toCountry% Correct
Alabama, Alaska, Arizona, Arkansas, California, Colorado, Connecticut, Delaware, District of Columbia, Florida, Georgia, Hawaii, Idaho, Illinois, Indiana, Iowa, Kentucky, Louisiana, Maine, Maryland, Massachusetts, Michigan, Minnesota, Mississippi, Missouri, Montana, Nebraska, Nevada, New Hampshire, New Jersey, New Mexico, New York, North Carolina, North Dakota, Ohio, Oklahoma, Oregon, Pennsylvania, *Puerto Rico, Rhode Island, South Carolina, South Dakota, Tennessee, Texas, Utah, Vermont, Virginia, Washington, West Virginia, Wisconsin, WyomingUnited States
86%
England, Northern Ireland, Scotland, WalesUnited Kingdom
71%
UnknownAfghanistan
57%
UnknownAlbania
57%
UnknownAndorra
57%
UnknownArgentina
57%
_____ Capital Territory, New South Wales, Northern Territory, Queensland, Tasmania, Victoria, Western _____Australia
57%
UnknownBelgium
57%
Acre, Alagoas, Amazonas, Distrito Federal, Goiás, Minas Gerais, Pará, Paraíba, Pernambuco, Rio de Janeiro, Rio Grande do Norte, São Paulo, SergipeBrazil
57%
British Columbia, New Brunswick, Newfoundland and Labrador, Northwest Territories, Nova Scotia, Nunavut, Ontario, Prince Edward Island, Quebec, YukonCanada
57%
Beijing, Chongqing, Fujian, Gansu, Guangdong, Hebei, Heilongjiang, Hong Kong, Hunan, Inner Mongolia, Jiangsu, Jilin, Liaoning, Ningxia, Qinghai, Shandong, Shanghai, Shanxi, Sichuan, Tianjin, Tibet, Xinjiang Uygur, Yunnan, Zhejiang,China
57%
*Greenland, the rest is unknownDenmark
57%
Bavaria, _____, Brandenburg, Bremen, Hamburg, Lower Saxony, North Rhine-Westphalia, Saarland, Schleswig-HolsteinGermany
57%
UnknownJapan
57%
Baja California, Baja California Sur, Campeche, Chihuahua, Guanajuato, Guerrero, Hidalgo, Jalisco, _____, ______ ___, Morelos, Puebla, Querétaro, Quintana Roo, Tlaxcala, YucatánMexico
57%
UnknownNepal
57%
UnknownNetherlands
57%
UnknownPortugal
57%
Andalusia, Aragon, Balearic Islands, Canary Islands, Castile and León, Castile-La Mancha, Catalonia, Extremadura, ____, MurciaSpain
57%
UnknownSweden
57%
UnknownAlgeria
43%
UnknownAngola
43%
UnknownAntigua and Barbuda
43%
UnknownBahamas
43%
UnknownBahrain
43%
UnknownBarbados
43%
UnknownBolivia
43%
UnknownChad
43%
UnknownColombia
43%
UnknownCosta Rica
43%
UnknownCzech Republic
43%
UnknownDemocratic Republic of the Congo
43%
UnknownDominica
43%
UnknownDominican Republic
43%
UnknownEgypt
43%
UnknownEthiopia
43%
UnknownFinland
43%
Auvergne-Rhône-Alpes, Bourgogne-_____-Comté, Brittany, Corsica, ____ Guiana, Grand Est, Guadeloupe, Île-de-____, Martinique, Mayotte, Normandy, Nouvelle Aquitaine, Provence-Alpes-Côte-d’Azur, RéunionFrance
43%
UnknownGhana
43%
UnknownGrenada
43%
UnknownGuatemala
43%
UnknownGuyana
43%
UnknownHaiti
43%
UnknownHonduras
43%
Andhra Pradesh, Assam, Bihār, ___, Goa, Gujarāt, Haryāna, Jammu and Kashmīr, Kerala, Ladākh, Mahārāshtra, Odisha, Rājasthān, Sikkim, Uttar Pradesh, West BengalIndia
43%
UnknownIran
43%
UnknownIreland
43%
UnknownIsrael
43%
Aosta Valley, Campania, Friuli Venezia Giulia, Lazio, Liguria, Lombardy, Sardinia, Sicily, TuscanyItaly
43%
UnknownJamaica
43%
UnknownKazakhstan
43%
UnknownKenya
43%
UnknownLibya
43%
UnknownLuxembourg
43%
UnknownMongolia
43%
UnknownNew Zealand
43%
UnknownNicaragua
43%
UnknownNigeria
43%
UnknownPakistan
43%
UnknownPalau
43%
UnknownPanama
43%
UnknownPeru
43%
UnknownPoland
43%
UnknownQatar
43%
UnknownRepublic of the Congo
43%
UnknownRussia
43%
UnknownSaint Lucia
43%
UnknownSudan
43%
UnknownSuriname
43%
UnknownSyria
43%
UnknownTanzania
43%
UnknownTrinidad and Tobago
43%
UnknownTurkey
43%
UnknownArmenia
29%
UnknownAustria
29%
UnknownAzerbaijan
29%
UnknownBangladesh
29%
UnknownBelize
29%
UnknownBenin
29%
UnknownBosnia and Herzegovina
29%
UnknownBotswana
29%
UnknownBulgaria
29%
UnknownCape Verde
29%
UnknownChile
29%
UnknownComoros
29%
UnknownCyprus
29%
UnknownDjibouti
29%
UnknownEcuador
29%
UnknownEstonia
29%
UnknownEswatini
29%
UnknownFiji
29%
UnknownGambia
29%
UnknownGreece
29%
UnknownGuinea-Bissau
29%
UnknownHungary
29%
UnknownIceland
29%
UnknownIndonesia
29%
UnknownIvory Coast
29%
UnknownJordan
29%
UnknownKiribati
29%
UnknownKyrgyzstan
29%
UnknownLatvia
29%
UnknownLebanon
29%
UnknownLesotho
29%
UnknownLiberia
29%
UnknownLiechtenstein
29%
UnknownLithuania
29%
UnknownMadagascar
29%
UnknownMalta
29%
UnknownMarshall Islands
29%
UnknownMauritius
29%
UnknownMoldova
29%
UnknownMonaco
29%
UnknownMorocco
29%
UnknownNamibia
29%
UnknownNauru
29%
UnknownNorway
29%
UnknownOman
29%
UnknownPapua New Guinea
29%
UnknownParaguay
29%
UnknownRomania
29%
UnknownRwanda
29%
UnknownSaint Kitts and Nevis
29%
UnknownSaint Vincent and the Grenadines
29%
UnknownSamoa
29%
UnknownSan Marino
29%
UnknownSão Tomé and Príncipe
29%
UnknownSaudi Arabia
29%
UnknownSenegal
29%
UnknownSerbia
29%
UnknownSeychelles
29%
UnknownSlovakia
29%
UnknownSlovenia
29%
UnknownSolomon Islands
29%
UnknownSouth Africa
29%
UnknownSouth Korea
29%
UnknownSouth Sudan
29%
UnknownSwitzerland
29%
UnknownTaiwan
29%
UnknownTajikistan
29%
UnknownTonga
29%
UnknownTunisia
29%
UnknownTurkmenistan
29%
UnknownTuvalu
29%
UnknownUganda
29%
UnknownUkraine
29%
UnknownUnited Arab Emirates
29%
UnknownUruguay
29%
UnknownUzbekistan
29%
UnknownVanuatu
29%
UnknownVatican City
29%
UnknownVietnam
29%
UnknownZambia
29%
UnknownZimbabwe
29%
UnknownBrunei
14%
UnknownCambodia
14%
UnknownCroatia
14%
UnknownEritrea
14%
UnknownFederated States of Micronesia
14%
UnknownGeorgia
14%
UnknownKosovo
14%
UnknownKuwait
14%
UnknownLaos
14%
UnknownMalaysia
14%
UnknownMaldives
14%
UnknownMontenegro
14%
UnknownNorth Macedonia
14%
UnknownPhilippines
14%
UnknownSingapore
14%
UnknownThailand
14%
UnknownTogo
14%
UnknownSri Lanka
0%

Score Distribution

Percentile by Number Answered

Percent of People with Each Score

Your Score History

You have not taken this quiz